MARC details
| 000 -LEADER |
| fixed length control field |
02740cam a2200637 i 4500 |
| 005 - DATE AND TIME OF LATEST TRANSACTION |
| control field |
20231124152233.0 |
| 020 ## - INTERNATIONAL STANDARD BOOK NUMBER |
| International Standard Book Number |
9780545663182 |
| 040 ## - CATALOGING SOURCE |
| Original cataloging agency |
NJQ/DLC |
| Language of cataloging |
eng |
| Transcribing agency |
ZQP |
| Description conventions |
rda |
| Modifying agency |
DLC |
| -- |
OCLCO |
| -- |
OCLCF |
| -- |
BDX |
| -- |
YDX |
| -- |
BTCTA |
| -- |
OCLCQ |
| -- |
JY2 |
| -- |
UAP |
| -- |
NPC |
| -- |
OCLCO |
| -- |
CZA |
| -- |
TCH |
| -- |
IUK |
| -- |
JQM |
| -- |
EHH |
| -- |
IN4 |
| -- |
GK8 |
| -- |
KN4 |
| -- |
OCLCQ |
| -- |
ERE |
| -- |
VP@ |
| -- |
DMOPL |
| -- |
HLNDP |
| -- |
DLC |
| 050 00 - LIBRARY OF CONGRESS CALL NUMBER |
| Classification number |
PZ7.A7379 |
| Item number |
Fk 2018 |
| 082 04 - DEWEY DECIMAL CLASSIFICATION NUMBER |
| Classification number |
813.6 |
| 100 1# - MAIN ENTRY--PERSONAL NAME |
| Personal name |
Arnold, Tedd |
| Relator term |
author |
| -- |
illustrator |
| 245 10 - TITLE STATEMENT |
| Title |
Fly Guy and the alienzz / |
| Statement of responsibility, etc. |
Tedd Arnold. |
| 246 3# - VARYING FORM OF TITLE |
| Title proper/short title |
Fly Guy and the aliens |
| 250 ## - EDITION STATEMENT |
| Edition statement |
First edition, May 2018 |
| 260 ## - PUBLICATION, DISTRIBUTION, ETC. |
| Place of publication, distribution, etc. |
New York : |
| Name of publisher, distributor, etc. |
Cartwheel Books, |
| Date of publication, distribution, etc. |
2018 |
| 300 ## - PHYSICAL DESCRIPTION |
| Extent |
29 pages : |
| Other physical details |
color illustrations ; |
| Dimensions |
24 cm |
| 490 1# - SERIES STATEMENT |
| Series statement |
Fly Guy |
| 505 ## - FORMATTED CONTENTS NOTE |
| Formatted contents note |
M <br/> |
| 520 ## - SUMMARY, ETC. |
| Summary, etc. |
Buzz is filming a movie about aliens from Outer Space, who capture Fly Guy and Buzz Boy--and our two heroes must outsmart the aliens, with some help from Dragon Dude and Fly Girl. |
| 521 ## - TARGET AUDIENCE NOTE |
| Target audience note |
530 <br/> |
| Source |
Lexile <br/> |
| 521 ## - TARGET AUDIENCE NOTE |
| Target audience note |
M <br/> |
| Source |
Raz-Plus <br/> |
| 650 #0 - SUBJECT ADDED ENTRY--TOPICAL TERM |
| Topical term or geographic name entry element |
Flies |
| Form subdivision |
Juvenile fiction. |
| 650 #0 - SUBJECT ADDED ENTRY--TOPICAL TERM |
| Topical term or geographic name entry element |
Extraterrestrial beings |
| Form subdivision |
Juvenile fiction. |
| 650 #0 - SUBJECT ADDED ENTRY--TOPICAL TERM |
| Topical term or geographic name entry element |
Motion pictures |
| Form subdivision |
Juvenile fiction. |
| 650 #0 - SUBJECT ADDED ENTRY--TOPICAL TERM |
| Topical term or geographic name entry element |
Imagination |
| Form subdivision |
Juvenile fiction. |
| 650 #1 - SUBJECT ADDED ENTRY--TOPICAL TERM |
| Topical term or geographic name entry element |
Flies |
| Form subdivision |
Fiction. |
| 650 #1 - SUBJECT ADDED ENTRY--TOPICAL TERM |
| Topical term or geographic name entry element |
Extraterrestrial beings |
| Form subdivision |
Fiction. |
| 650 #1 - SUBJECT ADDED ENTRY--TOPICAL TERM |
| Topical term or geographic name entry element |
Motion pictures |
| General subdivision |
Production and direction |
| Form subdivision |
Fiction. |
| 650 #1 - SUBJECT ADDED ENTRY--TOPICAL TERM |
| Topical term or geographic name entry element |
Imagination |
| Form subdivision |
Fiction. |
| 650 #1 - SUBJECT ADDED ENTRY--TOPICAL TERM |
| Topical term or geographic name entry element |
Humorous stories. |
| 650 #4 - SUBJECT ADDED ENTRY--TOPICAL TERM |
| Topical term or geographic name entry element |
JUVENILE FICTION / Animals / Insects, Spiders, etc. |
| 650 #4 - SUBJECT ADDED ENTRY--TOPICAL TERM |
| Topical term or geographic name entry element |
JUVENILE FICTION / Humorous Stories. |
| 650 #4 - SUBJECT ADDED ENTRY--TOPICAL TERM |
| Topical term or geographic name entry element |
JUVENILE FICTION / Paranormal, Occult & Supernatural. |
| 650 #7 - SUBJECT ADDED ENTRY--TOPICAL TERM |
| Topical term or geographic name entry element |
JUVENILE FICTION / Animals / Insects, Spiders, etc. |
| Source of heading or term |
bisacsh |
| 650 #7 - SUBJECT ADDED ENTRY--TOPICAL TERM |
| Topical term or geographic name entry element |
JUVENILE FICTION / Humorous Stories. |
| Source of heading or term |
bisacsh |
| 650 #7 - SUBJECT ADDED ENTRY--TOPICAL TERM |
| Topical term or geographic name entry element |
JUVENILE FICTION / Paranormal, Occult & Supernatural. |
| Source of heading or term |
bisacsh |
| 650 #7 - SUBJECT ADDED ENTRY--TOPICAL TERM |
| Topical term or geographic name entry element |
Extraterrestrial beings. |
| Source of heading or term |
fast |
| Authority record control number or standard number |
(OCoLC)fst01742248 |
| 650 #7 - SUBJECT ADDED ENTRY--TOPICAL TERM |
| Topical term or geographic name entry element |
Flies. |
| Source of heading or term |
fast |
| Authority record control number or standard number |
(OCoLC)fst00927282 |
| 650 #7 - SUBJECT ADDED ENTRY--TOPICAL TERM |
| Topical term or geographic name entry element |
Humorous stories. |
| Source of heading or term |
fast |
| Authority record control number or standard number |
(OCoLC)fst00963818 |
| 650 #7 - SUBJECT ADDED ENTRY--TOPICAL TERM |
| Topical term or geographic name entry element |
Imagination. |
| Source of heading or term |
fast |
| Authority record control number or standard number |
(OCoLC)fst00967585 |
| 650 #7 - SUBJECT ADDED ENTRY--TOPICAL TERM |
| Topical term or geographic name entry element |
Motion pictures. |
| Source of heading or term |
fast |
| Authority record control number or standard number |
(OCoLC)fst01027285 |
| 650 #7 - SUBJECT ADDED ENTRY--TOPICAL TERM |
| Topical term or geographic name entry element |
Flies |
| Form subdivision |
Fiction. |
| Source of heading or term |
sears |
| 650 #7 - SUBJECT ADDED ENTRY--TOPICAL TERM |
| Topical term or geographic name entry element |
Motion pictures |
| General subdivision |
Production and direction |
| Form subdivision |
Fiction. |
| Source of heading or term |
sears |
| 650 #7 - SUBJECT ADDED ENTRY--TOPICAL TERM |
| Topical term or geographic name entry element |
Imagination |
| Form subdivision |
Fiction. |
| Source of heading or term |
sears |
| 650 #7 - SUBJECT ADDED ENTRY--TOPICAL TERM |
| Topical term or geographic name entry element |
Aliens (Fictional characters) |
| Form subdivision |
Fiction. |
| Source of heading or term |
sears |
| 655 #7 - INDEX TERM--GENRE/FORM |
| Genre/form data or focus term |
Fiction. |
| Source of term |
fast |
| Authority record control number or standard number |
(OCoLC)fst01423787 |
| 655 #7 - INDEX TERM--GENRE/FORM |
| Genre/form data or focus term |
Humorous fiction. |
| Source of term |
fast |
| Authority record control number or standard number |
(OCoLC)fst01726649 |
| 655 #7 - INDEX TERM--GENRE/FORM |
| Genre/form data or focus term |
Juvenile works. |
| Source of term |
fast |
| Authority record control number or standard number |
(OCoLC)fst01411637 |
| 655 #7 - INDEX TERM--GENRE/FORM |
| Genre/form data or focus term |
Picture books. |
| Source of term |
fast |
| Authority record control number or standard number |
(OCoLC)fst01726789 |
| 655 #7 - INDEX TERM--GENRE/FORM |
| Genre/form data or focus term |
Humorous stories. |
| Source of term |
gsafd |
| 655 #7 - INDEX TERM--GENRE/FORM |
| Genre/form data or focus term |
Humorous fiction. |
| Source of term |
lcgft |
| 655 #7 - INDEX TERM--GENRE/FORM |
| Genre/form data or focus term |
Picture books. |
| Source of term |
lcgft |
| 906 ## - LOCAL DATA ELEMENT F, LDF (RLIN) |
| a |
7 |
| b |
cbc |
| c |
copycat |
| d |
2 |
| e |
epcn |
| f |
20 |
| g |
y-gencatlg |
| 942 ## - ADDED ENTRY ELEMENTS (KOHA) |
| Source of classification or shelving scheme |
Dewey Decimal Classification |
| Koha item type |
Books |
| Suppress in OPAC |
No |
| 999 ## - |
| -- |
1607 |
| -- |
1607 |